[Event "Vijayawad op"]
[Site "Vijayawad"]
[Date "2024.10.25"]
[Round "8"]
[White "Abhishek, TM."]
[Black "Pranav, AJ."]
[Result "1/2-1/2"]
[WhiteElo "1968"]
[BlackElo "1781"]
[PlyCount "97"]
[EventDate "2024.10.22"]
[EventType "swiss"]
[EventRounds "9"]
[EventCountry "IND"]
[SourceTitle "CB16_2025"]
[SourceDate "2025.04.16"]
[SourceVersion "1"]
[SourceVersionDate "2025.04.16"]
[SourceQuality "1"]

1. b3 e5 2. Bb2 Nc6 3. c4 Nge7 4. e3 d5 5. cxd5 Nxd5 6. a3 Be6 7. Qc2 Qd7 8. Nf3 f6 9. b4 0-0-0 10. b5 Na5 11. d4 e4 12. Nfd2 f5 13. Nc3 b6 14. Nxd5 Bxd5 15. Bc3 Nb7 16. a4 Nd6 17. Bb4 Kb8 18. Be2 f4 19. Bxd6 Bxd6 20. Bc4 Bb7 21. g3 fxe3 22. fxe3 Qg4 23. Rf1 h5 24. Be2 Qg5 25. Nc4 Bb4+ 26. Kd1 Rhf8 27. Qb3 Be7 28. Kc2 h4 29. g4 Bd5 30. a5 Bxc4 31. Bxc4 Qxg4 32. axb6 cxb6 33. Qa4 Qd7 34. Kb2 Bg5 35. Be6 Qe7 36. d5 Bf6+ 37. Rxf6 Rxf6 38. Qxe4 Rf2+ 39. Kb3 Qc5 40. Qe5+ Ka8 41. Bd7 Qc2+ 42. Ka3 Qd3+ 43. Ka4 Qc4+ 44. Ka3 Qc5+ 45. Kb3 Qc2+ 46. Ka3 Qd3+ 47. Kb4 Qd2+ 48. Ka3 Qd3+ 49. Ka4 1/2-1/2